000 01173nam a22002537a 4500
003 OSt
005 20240301141434.0
007 ta
008 210409e2020 dr acd|g |||| 001 0 spa d
040 _aDO-SdBNP
_bspa
_cBNPHU
041 _hspa
082 4 _a616.932097294
_bC965e
_222
100 1 _aCuevas Pérez, César A.
_973856
245 1 3 _a[El cólera en Haití] /
_cCésar A. Cuevas Pérez.
260 _aHaití :
_b[Embajada de la República Dominicana en Haití],
_c[2015-2020].
300 _a4v. :
_bil., retrs., cuadros ;
_c27 cm.
504 _aBibliografía : p. 203-204
505 1 _av.1.
_tEvolución del cólera e Haití - informes 01- 25 / 3a. ed. --
_gv.2.
_tEvolución del cólera en Haití - informes 26-52 / 2a. ed.--
_gv.3.
_tEl cólera en Haití y su entrada en la República Dominicana - Informes 53 - 82 + 5 notas informativas --
_gv.4.
_tEl cólera en Haití y su entrada en la República Dominicana - Informes 83 - 102 + Dos notas informativas.
590 _aInventariado, 2022/MFF
650 4 _981549
_aCólera
_xEnfermedad
_zHaití
650 4 _979049
_aCólera
_zHaití
_xHistoria
910 _aValidado. Control de calidad MFF
942 _2ddc
_cLBS1
999 _c49714
_d49714